[Event "CAN-ch U12"]
[Site "Vancouver"]
[Date "2012.07.04"]
[Round "3"]
[White "Chen, Richard"]
[Black "Brewster, Paula"]
[Result "1-0"]
[WhiteElo "1880"]
[BlackElo "1341"]
[PlyCount "57"]
[EventDate "2012.07.03"]
[EventType "swiss"]
[EventRounds "7"]
[EventCountry "CAN"]
[SourceTitle "EXT 2022"]
[Source "ChessBase"]
[SourceDate "2021.10.06"]
[SourceVersion "1"]
[SourceVersionDate "2021.10.06"]
[SourceQuality "1"]

1. e4 c5 2. Nf3 e6 3. d3 d6 4. g3 b6 5. Bg2 Bb7 6. 0-0 Nf6 7. Re1 Nbd7 8. Nbd2 Qc7 9. a4 Be7 10. Nf1 0-0 11. h4 Rac8 12. Ne3 d5 13. e5 Nxe5 14. Nxe5 Qxe5 15. Nxd5 Qd6 16. Nxf6+ Bxf6 17. Bxb7 Rc7 18. Bg2 Rfc8 19. Qe2 Qd8 20. Bf4 Rd7 21. Be5 Be7 22. Qg4 Bf8 23. a5 bxa5 24. Bc3 Qb6 25. b3 Qd6 26. Rxa5 f5 27. Qc4 Re8 28. Ra6 Qe7 29. Raxe6 1-0